000 00734cab a2200241 4500
001 ABS47173
008 090401t1992 xxu||||| |||| 00| 0 eng d
035 _a(Sirsi) u60972
041 _aeng
100 _aMinogue, A.
245 _aRIBA mocks clients with loaded SFA/92
260 _c1992
350 _a0
490 _aBuilding
_v257(7767) 23 October 1992, 28-29(2)
520 _aReviews the new Standard Form of Agreement for Appointment of an Architect (SFA/92) listing the main criticisms.
650 _aAPPOINTMENT OF AN ARCHITECT
650 _aARCHITECTS
650 _aSTANDARD FORM
690 _aBUILT ENVIRONMENT-BUILDING CONTRACT FORMS
690 _aPROFESSIONAL PRACTICE
942 _n0
948 _c04/03/1997
999 _c37702
_d37702